000 00940cam a22003015a 4500
001 2464
005 20250502095057.0
020 _a0590450301
040 _aIG#
_cIG#
_dBAKER
_dDLC
_beng
050 _aPZ7.E3225
082 0 4 _a635
100 1 _aEhlert, Lois
245 1 0 _aGrowing vegetable soup /
_cWritten and illustrated by Lois Ehlert
250 _aFirst Scholastic Printing , March 1992
260 _aOrlando :
_bScholastic,
_c1987
300 _a30 unnumbered pages :
_bColor illustrations ;
_c24 cm
500 _aCover title.
500 _aOn board pages.
500 _a"Red wagon books"--P. [4] of cover.
505 _aG
520 _aA father and child grow vegetables and then make them into a soup.
521 1 _a360
_bLexile
521 1 _aG
_bRaz-Plus
650 1 _aVegetable gardening
_vFiction
650 1 _aSoups
_vFiction
906 _a0
_bibc
_ccopycat
_d4
_eepcn
_f20
_gy-gencatlg
942 _2ddc
_cBK
_n0
999 _c2464
_d2464